000 00648nam a2200241Ia 4500
003 OSt
005 20220918183556.0
006 a|||||r|||| 00| 0
007 ta
008 220917b |||||||| |||| 00| 0 eng d
024 _a39,000
037 _cTextual
040 _aARTS
_cARTS
_beng
041 _2eng
_aeng
082 _aO15,1A1:g, 111M3
100 _aIyengar K R S
_963139
245 0 _aAsian variations in ramayana
260 _aNew Delhi
_bSahitya Akademi
_c1983
300 _axii, 358p.
_ccm.
650 _aENGLISH LITERATURE
942 _hO15,1A1:g, 111M3
_cTEXL
_2CC
999 _c173106
_d173106